000 00345nam a22001337a 4500
003 SGT
020 _a9789351864868
082 _a891.4309
_bS16S
100 _aसमीर, संत
245 _aस्वदेशी चिकित्सा
260 _b प्रभात प्रकाशन
_c2016
300 _a208
942 _2ddc
_cBK
999 _c31109
_d31109